000 01109cam a22003134i 4500
999 _c57616
_d57616
001 18942083
005 20221105215428.0
008 160120s2017 at a bf 001 0 eng
010 _a 2016931122
020 _a9781285187556 (hbk) 1
020 _a1285187555 (hbk) 1
041 _aeng
050 0 0 _aRM721
_b.B42 2017
080 _a615.82 B-52
082 0 0 _2
100 1 _aBeck, Mark,
_eauthor.
_99242
245 1 0 _aTheory & practice of therapeutic massage /
_cMark F. Beck ; photography by Yanik Chauvin.
250 _aSixth edition.
264 1 _aAustralia ;
_aUnited States :
_bCengage Learning,
_c[2017]
300 _a 956 pages :
_billustrations (some color) ;
_c29 cm.
650 0 _aMassage therapy
_vHandbooks, manuals, etc.
_99243
653 _aმასაჟი
653 _aმედიცინა
653 _aთერაპია
906 _a7
_bcbc
_corigcop
_d2
_eepcn
_f20
_gy-gencatlg
942 _2udc
_cBK
955 _brl11 2017-02-14 z-processor
_irl11 2017-02-14 to Dewey
_arl11 2017-02-14 copy 2 to discard
955 _apc22 2016-01-20
_arl02 2017-01-13 to SMA (editions)